Statistics for 2021 Top Rap Songs By Lyrics

Click here to take the quiz!

General Stats

  • This quiz has been taken 1,666 times
  • The average score is 4 of 15

Answer Stats

LyricSong% Correct
"Uh, copped a BMW"Rapstar - Polo G
68%
"Pride is the devil, think it got a hold on me"p r i d e . i s . t h e . d e v i l - J. Cole, Lil Baby
60%
"Will Smith and Martin Lawrence, I'm a bad boy"Bad Boy - Juice WRLD, Young Thug
47%
"Sins, I got sins on my mind"Wants and Needs - Drake, Lil Baby
43%
"Kiss me in the morning, late at night"Late at Night - Roddy Ricch
35%
"I got my own fire, don't need security in the club"Back in Blood - Pooh Shiesty, Lil Durk
33%
"We'll see what's bout to happen next"What's Next - Drake
32%
"I'ma turn up on a hater every chance that I get"EVERY CHANCE I GET - DJ KHALED, Lil Baby, Lil Durk
26%
"I done told you before that it's over, leave me lone"Calling my Phone - Lil Tjay, 6lack
16%
"Cause where I come from, so often, people you grow up with layin in a coffin"m y . l i f e - J. Cole, 21 Savage, Morray
15%
"Out of the concrete was a rose, and winters was cold"a m a r i - J. Cole
8%
"Youngin chasin dreams, reachin for the stars"Richer - Rod Wave, Polo G
8%
"Change my name to the kid, that's a baby goat"Hats Off - Lil Baby, Lil Durk, Travis Scott
7%
"Used to hit the block and serve, work the rock like Kyrie Irv"No Return - Polo G, The Kid LAROI, Lil Durk
6%
"Find me somewhere out in London, you know that's the hideaway"Solid - Young Thug, Drake
6%

Score Distribution

Percentile by Number Answered

Percent of People with Each Score

Your Score History

You have not taken this quiz